|
|
|
|
| LEADER |
01136nam a2200229 a 4500 |
| 001 |
2177319 |
| 008 |
091103s1994 ii b 001 0 eng d |
| 020 |
|
|
|a 8171006372
|
| 040 |
|
|
|a ANL
|b eng
|c ANL
|d ANL
|
| 082 |
0 |
0 |
|a 338.620954
|2 20
|
| 245 |
1 |
0 |
|a Privatisation of public sector undertakings :
|b rationale and feasibility /
|c edited by Debendra Kumar Das.
|
| 260 |
|
|
|a New Delhi :
|b Deep & Deep Publications,,
|c 1994.
|
| 300 |
|
|
|a xvi,299 p. :
|c 22 cm.
|
| 504 |
|
|
|a Includes bibliographical references and index.
|
| 541 |
1 |
|
|e 00012777
|
| 650 |
|
0 |
|a Government business enterprises
|z India.
|
| 650 |
|
0 |
|a Privatization
|x India.
|
| 700 |
1 |
|
|a Das, Debendra Kumar
|d 1947-
|
| 852 |
4 |
|
|a Ayesha Abed Library
|j General Shelf
|
| 999 |
|
|
|c 5629
|d 5629
|
| 952 |
|
|
|0 0
|1 0
|2 ddc
|4 0
|6 338_620954000000000_PRI
|7 0
|9 5531
|a BRACUL
|b BRACUL
|c GEN
|d 2009-11-19
|g 0.00
|l 0
|o 338.620954 PRI
|p 3010012777
|r 2009-11-19
|t 1
|w 2009-11-19
|y BK
|x No price found in the accession register.
|
| 952 |
|
|
|0 0
|1 0
|2 ddc
|4 0
|6 338_620954000000000_PRI_1994
|7 0
|9 5552
|a BRACUL
|b BRACUL
|c GEN
|d 2009-11-19
|g 0.00
|l 0
|o 338.620954 PRI
|p 3010008237
|r 2009-11-19
|t 1
|w 2009-11-19
|y BK
|x No price found in the accession register.
|